ALL RuPaul's Drag Race UK Queens A-Z - Statistics

General Stats
  • This quiz has been taken 312 times
    83 since last reset
  • The average score is 59 of 79
Answer Stats
Season Drag Queen % Correct
πŸ‡¬πŸ‡§ 1πŸ‡¬πŸ‡§πŸŒŽ 1 Baga Chipz
89%
πŸ‡¬πŸ‡§ 1πŸ‡¬πŸ‡§πŸŒŽ 1 Blu Hydrangea
89%
πŸ‡¬πŸ‡§ 1⭐️ 7 The Vivienne
86%
πŸ‡¬πŸ‡§ 2πŸ‡¬πŸ‡§πŸŒŽ 2 Tia Kofi
86%
πŸ‡¬πŸ‡§ 2 Bimini Bon-Boulash
84%
πŸ‡¬πŸ‡§ 4 Danny Beard
84%
πŸ‡¬πŸ‡§ 2 Ginny Lemon
84%
πŸ‡¬πŸ‡§ 2 Lawrence Chaney
84%
πŸ‡¬πŸ‡§ 7 Bones
81%
πŸ‡¬πŸ‡§ 7 Bonnie Ann Clyde
81%
πŸ‡¬πŸ‡§ 6 Chanel O'Conor
81%
πŸ‡¬πŸ‡§ 1πŸ‡¬πŸ‡§πŸŒŽ 1 πŸ‡¨πŸ‡¦πŸŒŽ 2 Cheryl
81%
πŸ‡¬πŸ‡§ 6 Kyran Thrax
81%
πŸ‡¬πŸ‡§ 2 Tayce
81%
πŸ‡¬πŸ‡§ 2 A'Whora
78%
πŸ‡¬πŸ‡§ 7 Chai T Grande
78%
πŸ‡¬πŸ‡§ 4 Cheddar Gorgeous
78%
πŸ‡¬πŸ‡§ 2 Cherry Valentine
78%
πŸ‡¬πŸ‡§ 3πŸ‡¬πŸ‡§πŸŒŽ 2 Choriza May
78%
πŸ‡¬πŸ‡§ 7 Elle Vosque
78%
πŸ‡¬πŸ‡§ 3 Krystal Versace
78%
πŸ‡¬πŸ‡§ 6 La Voix
78%
πŸ‡¬πŸ‡§ 6 Lill
78%
πŸ‡¬πŸ‡§ 7 Paige Three
78%
πŸ‡¬πŸ‡§ 7 Sallyβ„’
78%
πŸ‡¬πŸ‡§ 2πŸ‡¬πŸ‡§ 3 Veronica Green
78%
πŸ‡¬πŸ‡§ 3πŸ‡¨πŸ‡¦πŸŒŽ 1 Victoria Scone
78%
πŸ‡¬πŸ‡§ 6πŸ‡¬πŸ‡§πŸŒŽ 3 Zahirah Zapanta
78%
πŸ‡¬πŸ‡§ 6 Actavia
76%
πŸ‡¬πŸ‡§ 4 Black Peppa
76%
πŸ‡¬πŸ‡§ 1 Crystal
76%
πŸ‡¬πŸ‡§ 4 Dakota Schiffer
76%
πŸ‡¬πŸ‡§ 3 Ella Vaday
76%
πŸ‡¬πŸ‡§ 2 Ellie Diamond
76%
πŸ‡¬πŸ‡§ 1πŸ‡¬πŸ‡§πŸŒŽ 2 Gothy Kendoll
76%
πŸ‡¬πŸ‡§ 2 Joe Black
76%
πŸ‡¬πŸ‡§ 6 Marmalade
76%
πŸ‡¬πŸ‡§ 7 Nyongbella
76%
πŸ‡¬πŸ‡§ 7 Tayris Mongardi
76%
πŸ‡¬πŸ‡§ 1 Vinegar Strokes
76%
πŸ‡¬πŸ‡§ 7 Catrin Feelings
73%
πŸ‡¬πŸ‡§ 3 Charity Kase
73%
πŸ‡¬πŸ‡§ 6 Charra Tea
73%
πŸ‡¬πŸ‡§ 1 Divina de Campo
73%
πŸ‡¬πŸ‡§ 4πŸ‡¬πŸ‡§πŸŒŽ 2 Jonbers Blonde
73%
πŸ‡¬πŸ‡§ 6 Kiki Snatch
73%
πŸ‡¬πŸ‡§ 4πŸ‡¬πŸ‡§πŸŒŽ 3 Sminty Drop
73%
πŸ‡¬πŸ‡§ 5 Alexis Saint-Pete
70%
πŸ‡¬πŸ‡§ 3 Anubis
70%
πŸ‡¬πŸ‡§ 2 Asttina Mandella
70%
πŸ‡¬πŸ‡§ 4 Baby
70%
πŸ‡¬πŸ‡§ 5 Cara Melle
70%
πŸ‡¬πŸ‡§ 3 Elektra Fence
70%
πŸ‡¬πŸ‡§ 5πŸ‡¬πŸ‡§πŸŒŽ 3 Kate Butch
70%
πŸ‡¬πŸ‡§ 3🌎⭐ 1 Kitty Scott-Claus
70%
πŸ‡¬πŸ‡§ 4πŸ‡¨πŸ‡¦πŸŒŽ 2 Le Fil
70%
πŸ‡¬πŸ‡§ 7 Pasty
70%
πŸ‡¬πŸ‡§ 6 Rileasa Slaves
70%
πŸ‡¬πŸ‡§ 3 River Medway
70%
πŸ‡¬πŸ‡§ 1 Scaredy Kat
70%
πŸ‡¬πŸ‡§ 2 Sister Sister
70%
πŸ‡¬πŸ‡§ 1πŸ‡΅πŸ‡­πŸŒŽ 1 Sum Ting Wong
70%
πŸ‡¬πŸ‡§ 3πŸ‡¨πŸ‡¦πŸŒŽ 1 Vanity Milan
70%
πŸ‡¬πŸ‡§ 5 Vicki Vivacious
70%
πŸ‡¬πŸ‡§ 7 Viola
70%
πŸ‡¬πŸ‡§ 5 Banksie
68%
πŸ‡¬πŸ‡§ 4 Copper Topp
68%
πŸ‡¬πŸ‡§ 5 DeDeLicious
68%
πŸ‡¬πŸ‡§ 6 Dita Garbo
68%
πŸ‡¬πŸ‡§ 5 Ginger Johnson
68%
πŸ‡¬πŸ‡§ 5 Michael Marouli
68%
πŸ‡¬πŸ‡§ 6 Saki Yew
68%
πŸ‡¬πŸ‡§ 4 Starlet
68%
πŸ‡¬πŸ‡§ 4 Just May
65%
πŸ‡¬πŸ‡§ 5 Miss Naomi Carter
65%
πŸ‡¬πŸ‡§ 3 Scarlett Harlett
65%
πŸ‡¬πŸ‡§ 5 Tomara Thomas
65%
πŸ‡¬πŸ‡§ 4 Pixie Polite
62%
πŸ‡¬πŸ‡§ 7 Silllexa Diction
62%
No matching quizzes found
Score Distribution
Percent of People with Each Score
Percentile by Number Answered
Your Score History
You have not taken this quiz since the last reset